Sarkar the code of criminal procedure / (Record no. 81483)

MARC details
000 -LEADER
fixed length control field 00973nam a22002657a 4500
005 - DATE AND TIME OF LATEST TRANSACTION
control field 20140115122827.0
010 ## - LCCN (DPL NO)
LC control number ENG-109007-008
020 ## - INTERNATIONAL STANDARD BOOK NUMBER
International Standard Book Number 9789351430469(set)
Terms of availability 4195.00(set of 2 vols.)
020 ## - INTERNATIONAL STANDARD BOOK NUMBER
International Standard Book Number 9789351430476(v.1)
Terms of availability 4195.00(set of 2 vols.)
020 ## - INTERNATIONAL STANDARD BOOK NUMBER
International Standard Book Number 9789351430483(v.2)
Terms of availability 4195.00(set of 2 vols.)
035 ## - SYSTEM CONTROL NUMBER
System control number EN-92540-541
037 ## - SOURCE OF ACQUISITION
Source of stock number/acquisition DBAD/PUB
082 ## - DEWEY DECIMAL CLASSIFICATION NUMBER
Classification number 345
100 ## - MAIN ENTRY--PERSONAL NAME
Personal name Sarkar, S.C.
245 ## - TITLE STATEMENT
Title Sarkar the code of criminal procedure /
Remainder of title by S. C. Sarkar
250 ## - EDITION STATEMENT
Edition statement 10th updated ed by Sudipto Sarkar [and] V.R. Manohar
260 ## - PUBLICATION, DISTRIBUTION, ETC. (IMPRINT)
Place of publication, distribution, etc Gurgaon
Name of publisher, distributor, etc Lexis Nexis
Date of publication, distribution, etc 2014
270 ## - ADDRESS
Address 14th floor, Building No 10, Tower-B, DLF Cyber City, Phase-ll,
City Gurgaon
Postal code 122002
300 ## - PHYSICAL DESCRIPTION
Extent 2V.(dxvii,1267p.; xLv,1-2679; 1-164p.)
Dimensions 25cm(Hb)
500 ## - GENERAL NOTE
General note Includes index
505 ## - FORMATTED CONTENTS NOTE
Formatted contents note v.1-Sections 1-224 ; v.2-.sections 225-484 schedules & appendices
700 ## - ADDED ENTRY--PERSONAL NAME
Personal name Sarkar,Sudipto
700 ## - ADDED ENTRY--PERSONAL NAME
Personal name Manohar,V.R.
942 ## - ADDED ENTRY ELEMENTS (KOHA)
Source of classification or shelving scheme Dewey Decimal Classification
Item type English Books
Call number suffix SAR
Classification part 345
Holdings
Withdrawn status Lost status Materials specified (bound volume or other part) Not for loan Collection code Home library Current library Date acquired Source of acquisition Cost, normal purchase price Full call number Barcode Copy number Cost, replacement price Koha item type
    v.1 Not For Loan Non-fiction D.B.Act.Division D.B.Act.Division 24/12/2013 DBAD/PUB 4195.00 345 SAR EN-92540 1 4195.00 English Books
    v.2 Not For Loan Non-fiction D.B.Act.Division D.B.Act.Division 24/12/2013 DBAD/PUB 4195.00 345 SAR EN-92541 1 4195.00 English Books

© Delhi Public Library
Hit Counter
free hit counter